000 00450nam a2200181Ia 4500
008 100917s9999 xx 000 0 und d
082 _b29212
100 _aविविध लेखक
245 _aमोहर
260 _bसोमैय्या पब्लीकेशन
_c1969
300 _a279
365 _b8
520 _aकथा
630 _aमोहर
650 _aकथा
730 _aमोहर
942 _cBOOK
999 _c634606
_d634603